000 00296nam a2200121Ia 4500
008 190216s9999||||xx |||||||||||||| ||und||
100 _aGovind P Agarwal
245 0 _aFiber Optics Communication Systems
260 _bJohn Wiley & Sons
300 _a546
650 _aPhysics
942 _cBK
999 _c33940
_d33940